| 000 | 00326 a2200133 4500 | ||
|---|---|---|---|
| 999 |
_c327581 _d327581 |
||
| 001 | 92508 | ||
| 003 | NUST | ||
| 005 | 20180120143950.0 | ||
| 008 | 180120b xxu||||| |||| 00| 0 eng d | ||
| 020 | _a978-1-4711-3880-5 | ||
| 082 | _a004.0922/ISA | ||
| 100 |
_aWalter Isaacson _99239 |
||
| 245 | _aThe Innovators | ||
| 260 |
_aUnited Kingdom _bSimon & Schuster _c2015 |
||
| 300 | _aviii,542p. | ||
| 942 |
_aCAE NUST _cBK _k004.0922/ISA _2ddc |
||